Costos de los accidentes de tránsito en Costa Rica durante el 2012
Spremljeno u:
| Glavni autor: | |
|---|---|
| Format: | Knjiga |
| Jezik: | Spanish |
| Izdano: |
[San José], Costa Rica
2015
|
| Teme: | |
| Oznake: |
Dodaj oznaku
Bez oznaka, Budi prvi tko označuje ovaj zapis!
|
MARC
| LEADER | 00000nam a22000007a 4500 | ||
|---|---|---|---|
| 003 | 012261 | ||
| 005 | 20221231143913.0 | ||
| 008 | 150917b2015 c a|||| |||| 00| ||spa d | ||
| 040 | |c cru CEDI | ||
| 090 | |a TFG 7425 | ||
| 100 | |a Segreda Johanning, Daniel Josue |9 1170 | ||
| 245 | |a Costos de los accidentes de tránsito en Costa Rica durante el 2012 | ||
| 260 | |a [San José], Costa Rica |c 2015 | ||
| 500 | |a Proyecto de graduación (licenciatura en ingeniería civil)--Universidad de Costa Rica. Facultad de Ingeniería. Escuela de Ingeniería Civil | ||
| 650 | |x ACCIDENTES DE TRANSITO |x COSTA RICA |x COSTOS |9 1171 | ||
| 942 | |c TFG | ||
| 999 | |c 14006 |d 14006 | ||
